000 00837cam a22002533a 4500
001 22721
003 PGUSA
005 20140828083502.0
008 070922s2007||||xxu|||||s|||||000 | eng d
040 _aPGUSA
_beng
042 _adc
050 4 _aSB
245 1 0 _aNorthern Nut Growers Association Report of the Proceedings at the Thirty-Eighth Annual Meeting :
_bGuelph, Ontario, September 3, 4, 5, 1947
_h[electronic resource]
260 _bProject Gutenberg,
_c2007
506 _aPublic domain in the USA.
516 _aElectronic text
653 _aNuts -- Periodicals
653 _aNorthern Nut Growers Association -- Periodicals
653 _aNut trees -- Periodicals
700 1 _aNorthern Nut Growers Association
830 0 _aProject Gutenberg
_v22721
856 4 0 _uhttp://www.gutenberg.org/ebooks/22721
942 _cEB
999 _c251976
_d251976